[Event "Veterans Bdr 2017"]
[Site "Aubagne"]
[Date "2017.05.04"]
[Round "1"]
[White "Reynaud, Jacques"]
[Black "Paravagna, Alain"]
[Result "0-1"]
[WhiteElo "1387"]
[BlackElo "1864"]
[PlyCount "70"]

1. d4 Nf6 2. Nf3 d5 3. h3 c5 4. c3 Nc6 5. Bf4 e6 6. e3 cxd4 7. exd4 Be7 8. Bd3
O-O 9. Nbd2 a6 10. a4 b6 11. O-O Bb7 12. Qb3 Rc8 13. Rfe1 Na5 14. Qa2 Bd6 15.
Be5 Qc7 16. Qb1 h6 17. g4 Nd7 18. g5 hxg5 19. Nxg5 Nxe5 20. dxe5 Bxe5 21. Bxa6
g6 22. Bxb7 Nxb7 23. Ndf3 Bg7 24. Nh4 Qf4 25. Nhf3 Nc5 26. Ra3 Ra8 27. b4 Nxa4
28. Qc2 b5 29. Re3 Rac8 30. h4 Rc4 31. Kg2 Rfc8 32. Nxe6 Qg4+ 33. Kf1 fxe6 34.
Ng5 Qf5 35. Qd2 Bxc3 0-1

[Event "Veterans Bdr 2017"]
[Site "Aubagne"]
[Date "2017.05.04"]
[Round "1"]
[White "Kleitz, Michel"]
[Black "Rouaud, Robert"]
[Result "1-0"]
[WhiteElo "1766"]
[BlackElo "1378"]
[PlyCount "67"]

1. d4 d6 2. c4 Bf5 3. Nc3 e6 4. e4 Bg6 5. Bd3 Be7 6. Be3 Nf6 7. Qb3 b6 8. f3
O-O 9. Nge2 h6 10. O-O Nbd7 11. Qc2 c5 12. Rfd1 Qc7 13. a3 Rac8 14. b4 cxd4 15.
Bxd4 e5 16. Bf2 Nb8 17. Rac1 a6 18. Qb3 Qd7 19. Bxb6 Bd8 20. Bf2 Bc7 21. c5
Rfd8 22. Bc4 Qe8 23. Nd5 Nxd5 24. Bxd5 Nc6 25. Bxc6 Qxc6 26. cxd6 Qb5 27. dxc7
Rxd1+ 28. Qxd1 Qe8 29. Qd6 f6 30. Qxa6 Qd7 31. Bb6 Bf7 32. Nc3 f5 33. Rd1 Bc4
34. Qxc4+ 1-0

[Event "Veterans Bdr 2017"]
[Site "Aubagne"]
[Date "2017.05.04"]
[Round "1"]
[White "Souesme, Gerard"]
[Black "Pierrugues, Laurent"]
[Result "0-1"]
[WhiteElo "1361"]
[BlackElo "1738"]
[PlyCount "34"]

1. e4 e6 2. d4 d5 3. e5 c5 4. c3 Nc6 5. Nf3 Qb6 6. a3 c4 7. Nbd2 Na5 8. Rb1 Bd7
9. b4 cxb3 10. Nxb3 Ba4 11. Nfd2 Rc8 12. Nxa5 Qxa5 13. Nb3 Qxc3+ 14. Bd2 Qc2
15. Bb4 Qxd1+ 16. Kxd1 Bxb4 17. axb4 Rc3 0-1

[Event "Veterans Bdr 2017"]
[Site "Aubagne"]
[Date "2016.05.04"]
[Round "1"]
[White "Battaglia, Gerard"]
[Black "Porte, Jacques"]
[Result "1-0"]
[WhiteElo "1736"]
[BlackElo "1338"]
[PlyCount "57"]

1. d4 Nf6 2. c4 c5 3. d5 d6 4. Nc3 e5 5. e4 Be7 6. Be2 Bd7 7. f4 Qc7 8. fxe5
dxe5 9. Nf3 Bg4 10. O-O a6 11. a4 O-O 12. Bg5 Rd8 13. Qd2 Nc6 14. Rf2 Nd4 15.
Raf1 Bh5 16. Bxf6 Bxf6 17. Nxd4 exd4 18. Bxh5 dxc3 19. bxc3 Qe5 20. Rf5 Qd6 21.
Bxf7+ Kh8 22. R1f3 Rf8 23. Be6 Be5 24. Rh3 Rf6 25. Rxf6 Bxf6 26. Bf5 h6 27.
Rxh6+ gxh6 28. Qxh6+ Kg8 29. Be6+ 1-0

[Event "Veterans Bdr 2017"]
[Site "Aubagne"]
[Date "2017.05.04"]
[Round "1"]
[White "Ulloa, Philippe"]
[Black "Thiers, Jean-Jacques"]
[Result "0-1"]
[WhiteElo "1321"]
[BlackElo "1670"]
[PlyCount "78"]

1. d4 d5 2. c4 e6 3. a3 Nf6 4. Nc3 Be7 5. Nf3 Nbd7 6. Qc2 O-O 7. e4 dxe4 8.
Nxe4 c5 9. Be3 Nxe4 10. Qxe4 Nf6 11. Qc2 Ng4 12. Be2 Nxe3 13. fxe3 Qc7 14. O-O
b6 15. Rad1 Bb7 16. d5 exd5 17. cxd5 Rad8 18. e4 Bf6 19. b3 Rfe8 20. Bd3 h6 21.
a4 Qd6 22. Nd2 Re7 23. Nc4 Qb8 24. Ne3 Bd4 25. Qe2 Bxd5 26. Kh1 Bxe4 27. Bc4
Bg6 28. Qf3 Bxe3 29. Rde1 Qe5 30. Rf2 Qg5 31. Rfe2 Bh5 32. Bxf7+ Rxf7 33. Qxe3
Bxe2 34. Qxe2 Rdf8 35. Qc4 Kh8 36. h3 Rf2 37. Rg1 Qf6 38. Re1 Rf1+ 39. Rxf1
Qxf1+ 0-1

[Event "Veterans Bdr 2017"]
[Site "Aubagne"]
[Date "2017.05.04"]
[Round "1"]
[White "Quet, Jean-Francois"]
[Black "Pietrac, Christian"]
[Result "1-0"]
[WhiteElo "1656"]
[BlackElo "1265"]
[PlyCount "85"]

1. c4 Nf6 2. d4 g6 3. Nc3 Bg7 4. e4 d6 5. Bd3 O-O 6. Nge2 e5 7. d5 c5 8. O-O a6
9. f4 Nh5 10. f5 Bd7 11. g4 Nf6 12. Ng3 b5 13. cxb5 axb5 14. Bxb5 Bxb5 15. Nxb5
Qb6 16. Nc3 c4+ 17. Kg2 Nbd7 18. g5 Ne8 19. f6 Bh8 20. Qe2 Qb4 21. Be3 Rb8 22.
Rab1 Nc7 23. h4 Nc5 24. Bxc5 Qxc5 25. Nd1 Nb5 26. Nf2 Nd4 27. Ng4 Rfd8 28. Nh6+
Kf8 29. Qg4 Rb7 30. h5 Qc7 31. hxg6 Qd7 32. g7+ Bxg7 33. fxg7+ Kxg7 34. Rxf7+
Qxf7 35. Nxf7 Rxf7 36. Nh5+ Kh8 37. Nf6 Nc2 38. Qe2 Nd4 39. Qxc4 h6 40. Rh1 Kg7
41. Rxh6 Rh8 42. Rxh8 Kxh8 43. Qc8+ 1-0

[Event "Veterans Bdr 2017"]
[Site "Aubagne"]
[Date "2017.05.04"]
[Round "1"]
[White "Moerenhout, Jean Claude"]
[Black "Derien, Robert"]
[Result "1/2-1/2"]
[WhiteElo "1264"]
[BlackElo "1605"]
[PlyCount "131"]

1. d4 Nf6 2. Nf3 d5 3. Bf4 e6 4. e3 c5 5. c3 Nc6 6. Bd3 h6 7. O-O Nh5 8. Ne5
Nxf4 9. exf4 cxd4 10. Bb5 Qb6 11. a4 a6 12. Bxc6+ bxc6 13. cxd4 Qxb2 14. Nd2
Qxd4 15. Nxc6 Qxf4 16. Nf3 Bd6 17. a5 Bd7 18. Ncd4 O-O 19. Qd3 Rfb8 20. Qc3 Rc8
21. Qb3 Rab8 22. Qd3 Rc4 23. Ne2 Qf6 24. Rac1 Rbc8 25. Rxc4 Rxc4 26. Qb3 Bb5
27. Re1 Bb4 28. Rd1 Bxa5 29. Nfd4 Rb4 30. Qc2 Bc4 31. h3 Bb6 32. Qd2 e5 33.
Qxb4 Bxd4 34. Nxd4 exd4 35. Qb8+ Kh7 36. Qg3 Qe6 37. Rxd4 Qe1+ 38. Kh2 a5 39.
Qf3 f6 40. Rd1 Qb4 41. Qf5+ Kg8 42. Qe6+ Kh7 43. Re1 d4 44. Qf5+ g6 45. Qd7+
Kh8 46. Qd8+ Kg7 47. Re7+ Bf7 48. Qc7 Qb3 49. Qxa5 Qb8+ 50. Kg1 d3 51. Qd5 Qf8
52. Rxf7+ Qxf7 53. Qxd3 h5 54. f3 h4 55. Qd4 g5 56. f4 Qc7 57. fxg5 Qc1+ 58.
Kh2 Qxg5 59. Qd7+ Kg6 60. Qg4 f5 61. Qxg5+ Kxg5 62. g3 f4 63. gxf4+ Kxf4 64.
Kg2 Ke4 65. Kf2 Kf4 66. Kg2 1/2-1/2

[Event "Veterans Bdr 2017"]
[Site "Aubagne"]
[Date "2017.05.04"]
[Round "1"]
[White "Graells, Christian"]
[Black "Kauder, Wilfried"]
[Result "1-0"]
[WhiteElo "1584"]
[BlackElo "1195"]
[PlyCount "57"]

1. e4 e6 2. d4 d5 3. e5 Nc6 4. Nf3 Be7 5. c3 a6 6. Bd3 b5 7. O-O Bb7 8. b4 f6
9. Re1 fxe5 10. Nxe5 Nxe5 11. Rxe5 Qd6 12. Qh5+ Kd7 13. Nd2 Rf8 14. Nb3 Nf6 15.
Qh3 Ne4 16. Bxe4 dxe4 17. Nc5+ Kc8 18. Rxe6 Qd8 19. Rxe7+ Kb8 20. Qh4 Rf6 21.
Rd7 Qc8 22. Be3 Bc6 23. Rxg7 Rhf8 24. Qxh7 Rxf2 25. Bxf2 Rxf2 26. Kxf2 e3+ 27.
Kxe3 Qe8+ 28. Re7 Qf8 29. Nxa6+ 1-0

[Event "Veterans Bdr 2017"]
[Site "Aubagne"]
[Date "2017.05.04"]
[Round "1"]
[White "Turpin, Isabelle"]
[Black "Cavanihac, Claude"]
[Result "0-1"]
[WhiteElo "1152"]
[BlackElo "1493"]
[PlyCount "74"]

1. d4 Nf6 2. c4 e6 3. Nc3 d5 4. Bg5 Be7 5. Nf3 c6 6. Ne5 Nbd7 7. e3 Qc7 8. c5
Nxe5 9. dxe5 Qxe5 10. Bf4 Qh5 11. Be2 Qg6 12. h4 h5 13. Rg1 Ng4 14. f3 e5 15.
Bd3 f5 16. fxg4 exf4 17. Qe2 Bxh4+ 18. Kd2 fxe3+ 19. Qxe3+ Kd8 20. Kc2 hxg4 21.
Rgf1 Qf6 22. Qf4 g6 23. g3 Bg5 24. Qf2 Kc7 25. Bb5 Bd7 26. Ba4 Rae8 27. Bb3 d4
28. Ne2 Be3 29. Qe1 Rh2 30. Qa5+ Kb8 31. Kd3 Qe5 32. Rae1 Qe4+ 33. Kc4 d3+ 34.
Kc3 dxe2 35. Rh1 Rxh1 36. Rxh1 Qxh1 37. Bf7 e1=Q+ 0-1

[Event "Veterans Bdr 2017"]
[Site "Aubagne"]
[Date "2017.05.04"]
[Round "1"]
[White "Amoros, Jean"]
[Black "Boudet, Nicole"]
[Result "1-0"]
[WhiteElo "1476"]
[BlackElo "1130"]
[PlyCount "61"]

1. g4 Nf6 2. g5 Ne4 3. h4 d5 4. d3 Nd6 5. Bg2 c5 6. Bxd5 e6 7. Bb3 Nc6 8. Nf3
c4 9. dxc4 Na5 10. Ba4+ Bd7 11. Bxd7+ Qxd7 12. c5 Ne4 13. Qxd7+ Kxd7 14. Ne5+
Kc7 15. b4 Nc6 16. Nxf7 Rg8 17. Bf4+ Kd7 18. Ne5+ Nxe5 19. Bxe5 Kc6 20. f3 Nxc5
21. bxc5 Bxc5 22. Nc3 Bb4 23. O-O h6 24. g6 Rad8 25. Rad1 Rd7 26. Rxd7 Kxd7 27.
Rd1+ Kc8 28. Ne4 Rd8 29. Rxd8+ Kxd8 30. Bxg7 Kd7 31. Bxh6 1-0

[Event "Veterans Bdr 2017"]
[Site "Aubagne"]
[Date "2017.05.04"]
[Round "1"]
[White "Catanese, Sauveur"]
[Black "Vicari-Vento, Salvatore"]
[Result "0-1"]
[WhiteElo "1130"]
[BlackElo "1441"]
[PlyCount "72"]

1. d4 Nf6 2. c4 g6 3. Nc3 Bg7 4. e4 d6 5. Nf3 O-O 6. Be2 Nbd7 7. O-O a5 8. a4
b6 9. Rb1 Bb7 10. Bd3 e5 11. d5 c6 12. h3 cxd5 13. cxd5 Nc5 14. Bc4 Ncxe4 15.
Nxe4 Nxe4 16. Bd2 Nc5 17. Be3 f5 18. Bxc5 bxc5 19. Nd2 Bc8 20. b3 Bh6 21. Rb2
Qf6 22. Ra2 e4 23. f4 exf3 24. Nxf3 Bg7 25. Qa1 Qxa1 26. Raxa1 Bxa1 27. Rxa1
Ba6 28. Nd2 Rfe8 29. Kf1 Kg7 30. Nf3 Bxc4+ 31. bxc4 Rab8 32. g3 h6 33. Kf2 Rb2+
34. Kf1 Rc2 35. Rb1 Rxc4 36. Nd2 Rxa4 0-1

[Event "Veterans Bdr 2017"]
[Site "Aubagne"]
[Date "2017.05.04"]
[Round "1"]
[White "Lassalle, Marc"]
[Black "Lognos, Lina"]
[Result "1-0"]
[WhiteElo "1404"]
[BlackElo "1064"]
[PlyCount "49"]

1. d4 g6 2. Bf4 d6 3. e3 Nd7 4. c3 Bg7 5. Nf3 b6 6. Bc4 e6 7. O-O Ne7 8. Bg5
O-O 9. d5 e5 10. Nbd2 Bb7 11. Re1 Qc8 12. Bxe7 Re8 13. Bh4 c5 14. dxc6 Bxc6 15.
Ng5 d5 16. Bb3 Nc5 17. Ngf3 Nxb3 18. Qxb3 Qd7 19. Rad1 h6 20. Ne4 Qg4 21. Nf6+
Bxf6 22. Bxf6 Qe6 23. Bxe5 f6 24. Nd4 fxe5 25. Nxe6 1-0

[Event "Veterans Bdr 2017"]
[Site "Aubagne"]
[Date "2017.05.04"]
[Round "1"]
[White "Belaid, Myriam"]
[Black "Hidreau, Olivier"]
[Result "0-1"]
[WhiteElo "1030"]
[BlackElo "1396"]
[PlyCount "86"]

1. e4 e6 2. d4 d5 3. e5 c5 4. Nf3 Qb6 5. Bd3 Bd7 6. O-O Nc6 7. Be3 Qxb2 8. Nbd2
cxd4 9. Bf4 b6 10. Qe2 Bb4 11. Rfe1 Bc3 12. Rab1 Qa3 13. h3 Nge7 14. Ng5 Ng6
15. Bg3 Qe7 16. Red1 Qxg5 17. Nf3 Qe7 18. h4 O-O-O 19. Rb5 Nb4 20. Bxg6 Bxb5
21. Qxb5 hxg6 22. Nxd4 Qb7 23. a3 Na6 24. Rd3 Ba5 25. Rc3+ Bxc3 26. Nc6 Rd7 27.
Bf4 Rc7 28. Be3 Rxc6 29. Qd3 Rxh4 30. Bg5 Rd4 31. Qh3 Qd7 32. Qh8+ Kb7 33. Qxg7
Bd2 34. Bh4 Rxh4 35. g3 Re4 36. Kg2 Rxc2 37. f3 Bh6+ 38. Kh3 Bxg7 39. fxe4 dxe4
40. Kh4 Rh2+ 41. Kg4 Qd1+ 42. Kf4 Qf3+ 43. Kg5 Rh5# 0-1

[Event "Veterans Bdr 2017"]
[Site "Aubagne"]
[Date "2017.05.04"]
[Round "2"]
[White "Paravagna, Alain"]
[Black "Graells, Christian"]
[Result "1-0"]
[WhiteElo "1864"]
[BlackElo "1584"]
[PlyCount "73"]

1. d4 Nf6 2. Nf3 d5 3. Bf4 e6 4. e3 Bd6 5. Ne5 O-O 6. Bd3 Nbd7 7. Nd2 Qe7 8. c3
c5 9. b3 cxd4 10. cxd4 Bb4 11. O-O Bxd2 12. Qxd2 Ne4 13. Qc2 Ndf6 14. f3 Nd6
15. Qc5 Nh5 16. Ng6 fxg6 17. Bxd6 Qg5 18. f4 Qf6 19. g4 Qh4 20. gxh5 Qg4+ 21.
Kh1 Rf7 22. Rac1 Bd7 23. hxg6 hxg6 24. Qc2 Qh3 25. Qf2 Bc6 26. Bxg6 Rf6 27. Bd3
Re8 28. Qg3 Qh6 29. Be5 Ref8 30. Bxf6 Rxf6 31. Rg1 e5 32. fxe5 Re6 33. Qg5 Be8
34. Qxh6 Rxh6 35. Rc8 Re6 36. Bf5 Re7 37. Bg6 1-0

[Event "Veterans Bdr 2017"]
[Site "Aubagne"]
[Date "2017.05.04"]
[Round "2"]
[White "Cavanihac, Claude"]
[Black "Kleitz, Michel"]
[Result "1-0"]
[WhiteElo "1493"]
[BlackElo "1766"]
[PlyCount "114"]

1. d4 f5 2. c4 Nf6 3. Nc3 e6 4. Bg5 Be7 5. e3 b6 6. Nf3 Bb7 7. Ne5 O-O 8. f3
Ba6 9. b3 Qe8 10. Be2 d6 11. Nd3 Nbd7 12. O-O Bb7 13. Nf4 Qf7 14. Bd3 h6 15.
Bxf6 Bxf6 16. Qc2 g5 17. Nfe2 Bg7 18. e4 f4 19. Rad1 Rad8 20. Nb5 a6 21. Nbc3
c5 22. d5 Ne5 23. dxe6 Qxe6 24. Nd5 Nxd3 25. Qxd3 Bxd5 26. Qxd5 Qxd5 27. Rxd5
Be5 28. Rfd1 b5 29. Kf1 bxc4 30. bxc4 Rb8 31. Nc1 Rb6 32. Nd3 Bd4 33. e5 dxe5
34. Nxe5 Rb2 35. Ng4 Kh8 36. Rd6 Rxa2 37. Rxh6+ Kg7 38. Rd6 Re8 39. Rb1 Re7 40.
Rd5 Kg6 41. Rb6+ Kh7 42. Rh6+ Kg8 43. Rxg5+ Rg7 44. Rxg7+ Kxg7 45. Rc6 Ra1+ 46.
Ke2 Ra2+ 47. Kd3 Rxg2 48. Rxa6 Rb2 49. Ke4 Rb4 50. Kxf4 Rxc4 51. Kf5 Rc3 52.
Ke4 Rc2 53. f4 Rg2 54. Kf5 c4 55. h4 c3 56. h5 c2 57. h6+ Kh8 1-0

[Event "Veterans Bdr 2017"]
[Site "Aubagne"]
[Date "2017.05.04"]
[Round "2"]
[White "Pierrugues, Laurent"]
[Black "Amoros, Jean"]
[Result "1-0"]
[WhiteElo "1738"]
[BlackElo "1476"]
[PlyCount "51"]

1. e4 d5 2. exd5 Nf6 3. Bb5+ c6 4. dxc6 Nxc6 5. Bxc6+ bxc6 6. d4 Bb7 7. Nf3 c5
8. c3 Qa5 9. O-O e6 10. Nbd2 Ba6 11. Nb3 Qc7 12. Re1 Be7 13. Nxc5 Bxc5 14. Qa4+
Nd7 15. Qxa6 Bb6 16. Bd2 O-O 17. Rac1 Qd6 18. c4 Qe7 19. c5 Bc7 20. b4 Nb8 21.
Qc4 Rd8 22. d5 Bxh2+ 23. Nxh2 Qf6 24. d6 Nc6 25. Nf3 a6 26. Bg5 1-0

[Event "Veterans Bdr 2017"]
[Site "Aubagne"]
[Date "2017.05.04"]
[Round "2"]
[White "Vicari-Vento, Salvatore"]
[Black "Battaglia, Gerard"]
[Result "0-1"]
[WhiteElo "1441"]
[BlackElo "1736"]
[PlyCount "66"]

1. e4 e5 2. Nf3 d6 3. Bc4 Nf6 4. d3 Nc6 5. Nc3 Na5 6. Bb5+ c6 7. Ba4 b5 8. Bb3
Nxb3 9. cxb3 Be7 10. h3 O-O 11. O-O Bb7 12. Bd2 b4 13. Ne2 a5 14. a3 Qb6 15.
Nh2 d5 16. Be3 c5 17. exd5 Nxd5 18. Bd2 Qg6 19. Ng4 Bd6 20. Be3 h5 21. Nxe5
Bxe5 22. g3 Nxe3 23. Qd2 Nxf1 24. Kxf1 Qe6 25. Ng1 Qf6 26. axb4 axb4 27. Rc1
Rac8 28. Qe3 Bd4 29. Qd2 Bxb2 30. Rc2 Bc3 31. Qd1 Rfe8 32. Ne2 Qf3 33. Rxc3
bxc3 0-1

[Event "Veterans Bdr 2017"]
[Site "Aubagne"]
[Date "2017.05.04"]
[Round "2"]
[White "Thiers, Jean-Jacques"]
[Black "Lassalle, Marc"]
[Result "1-0"]
[WhiteElo "1670"]
[BlackElo "1404"]
[PlyCount "45"]

1. e4 d6 2. d4 Nf6 3. Nc3 g6 4. Nf3 Bg7 5. h3 O-O 6. Be2 b6 7. O-O c5 8. Bf4
Nh5 9. Bh2 f5 10. Ng5 e6 11. h4 h6 12. Bxh5 hxg5 13. Bxg6 Bxd4 14. Qh5 Rf6 15.
hxg5 Rxg6 16. Qxg6+ Kh8 17. exf5 exf5 18. Bxd6 Bg7 19. Nd5 a5 20. Qh5+ Kg8 21.
Rae1 Qxd6 22. Re8+ Bf8 23. Nf6+ 1-0

[Event "Veterans Bdr 2017"]
[Site "Aubagne"]
[Date "2017.05.04"]
[Round "2"]
[White "Hidreau, Olivier"]
[Black "Quet, Jean-Francois"]
[Result "0-1"]
[WhiteElo "1396"]
[BlackElo "1656"]
[PlyCount "72"]

1. e4 c6 2. Nf3 d5 3. Nc3 Nf6 4. e5 Ng8 5. d4 Bg4 6. Bg5 h6 7. Bh4 Qb6 8. Na4
Qa5+ 9. c3 Nd7 10. b4 Qc7 11. Be2 e6 12. O-O Ne7 13. Bxe7 Bxe7 14. Nb2 O-O 15.
h3 Bf5 16. Nd3 b6 17. Nh2 c5 18. Nf3 a5 19. bxc5 bxc5 20. a4 Rab8 21. Qd2 c4
22. Nde1 Rb7 23. Bd1 Rfb8 24. Bc2 Rb2 25. Qc1 Bh7 26. Bxh7+ Kxh7 27. Nd2 Nf8
28. Rb1 Qb6 29. f4 Rxb1 30. Nxb1 Qxb1 31. Qc2+ Ng6 32. Qxb1 Rxb1 33. Nc2 Rb2
34. Rf2 Bh4 35. g3 Bxg3 36. Rd2 Nh4 0-1

[Event "Veterans Bdr 2017"]
[Site "Aubagne"]
[Date "2017.05.04"]
[Round "2"]
[White "Derien, Robert"]
[Black "Reynaud, Jacques"]
[Result "1-0"]
[WhiteElo "1605"]
[BlackElo "1387"]
[PlyCount "77"]

1. e4 c5 2. Nf3 d6 3. c3 g6 4. d4 cxd4 5. cxd4 Bg7 6. Bc4 e6 7. Nc3 a6 8. a4
Nc6 9. Be3 Nge7 10. O-O O-O 11. Ba2 b6 12. Rb1 Nb4 13. Bb3 Bb7 14. Re1 Qd7 15.
Na2 Nbc6 16. d5 Ne5 17. Nxe5 Bxe5 18. Bxb6 Bg7 19. a5 Rac8 20. Ba4 Nc6 21. Nb4
e5 22. Rc1 Qe7 23. Nxc6 Qg5 24. Be3 Qh4 25. f3 f5 26. g3 Qf6 27. Rf1 Kh8 28.
Bb6 h5 29. Na7 Rxc1 30. Qxc1 fxe4 31. fxe4 Qe7 32. Rxf8+ Qxf8 33. Qc7 Ba8 34.
Kg2 Qg8 35. Qxd6 h4 36. Nc6 Bxc6 37. Bxc6 h3+ 38. Kxh3 Qf7 39. Kg2 1-0

[Event "Veterans Bdr 2017"]
[Site "Aubagne"]
[Date "2017.05.04"]
[Round "2"]
[White "Rouaud, Robert"]
[Black "Moerenhout, Jean Claude"]
[Result "1-0"]
[WhiteElo "1378"]
[BlackElo "1264"]
[PlyCount "99"]

1. e4 d5 2. exd5 Qxd5 3. Nc3 Qa5 4. Bc4 Nf6 5. d3 Bg4 6. Nf3 e6 7. Bd2 c6 8. h3
Bxf3 9. Qxf3 Qe5+ 10. Qe2 Qc5 11. a3 a5 12. O-O Be7 13. Rfe1 O-O 14. Qf3 Nbd7
15. Qg3 Nh5 16. Qf3 Nhf6 17. Ne4 Nxe4 18. Qxe4 Nf6 19. Qf3 Rad8 20. Be3 Qh5 21.
Qxh5 Nxh5 22. g4 b5 23. Bxb5 cxb5 24. gxh5 Rd5 25. h6 g6 26. c4 bxc4 27. dxc4
Rh5 28. Kg2 Bg5 29. Bxg5 Rxg5+ 30. Kh2 Rh5 31. Rad1 Rxh6 32. Re5 Rh5 33. Rxh5
gxh5 34. Rg1+ Kh8 35. Rg5 Rd8 36. b3 Rd2 37. Kg2 Rd3 38. Rg3 Rd8 39. Rg5 a4 40.
b4 Rd3 41. Rg3 Rb3 42. c5 h4 43. Re3 Rb2 44. Kf3 Rc2 45. Rd3 Rb2 46. Ke3 Rb3
47. c6 Rb1 48. Rc3 Rb3 49. Kd3 e5 50. Kc2 1-0

[Event "Veterans Bdr 2017"]
[Site "Aubagne"]
[Date "2017.05.04"]
[Round "2"]
[White "Kauder, Wilfried"]
[Black "Souesme, Gerard"]
[Result "0-1"]
[WhiteElo "1195"]
[BlackElo "1361"]
[PlyCount "80"]

1. e4 c6 2. d4 d5 3. Nc3 dxe4 4. Nxe4 Bf5 5. Bd3 Qxd4 6. Nf3 Qd8 7. O-O e6 8.
Bf4 Bxe4 9. Bxe4 Qxd1 10. Raxd1 Nf6 11. Bc7 Nbd7 12. Bd3 Be7 13. Rfe1 O-O 14.
a3 Nd5 15. Re4 Nxc7 16. Rh4 Bxh4 17. Nxh4 Nf6 18. Bc4 Rad8 19. Rxd8 Rxd8 20.
Bd3 b6 21. f4 Rd4 22. g3 Rxd3 23. cxd3 c5 24. Kf2 h6 25. Kf3 Ncd5 26. f5 Ne7
27. fxe6 fxe6 28. Kf4 Kf7 29. b4 cxb4 30. axb4 a5 31. bxa5 bxa5 32. Nf3 Ned5+
33. Ke5 Ke7 34. Nd4 Ng4+ 35. Ke4 Nxh2 36. Nc6+ Kd6 37. Nxa5 Nf6+ 38. Ke3 Kd5
39. Nb3 g5 40. Nd4 Nhg4+ 0-1

[Event "Veterans Bdr 2017"]
[Site "Aubagne"]
[Date "2017.05.04"]
[Round "2"]
[White "Porte, Jacques"]
[Black "Turpin, Isabelle"]
[Result "0-1"]
[WhiteElo "1338"]
[BlackElo "1152"]
[PlyCount "100"]

1. d4 b5 2. Nf3 Nf6 3. e3 Bb7 4. Bxb5 c6 5. Be2 d5 6. b3 Ne4 7. Bb2 Bc8 8. O-O
Qc7 9. Nbd2 Bf5 10. Nxe4 Bxe4 11. Nd2 e6 12. Nxe4 dxe4 13. c4 Bd6 14. g3 Nd7
15. d5 Be5 16. Bxe5 Qxe5 17. dxc6 Nf6 18. Qd4 Qf5 19. f4 O-O 20. Rad1 Rfc8 21.
c7 Ne8 22. Qe5 Qh3 23. Qxe4 Nxc7 24. Bf3 f5 25. Qe5 Rab8 26. Rd7 Ne8 27. Qxe6+
Kh8 28. Qf7 h6 29. Bh5 Rd8 30. Qf8+ Kh7 31. Rfd1 Rxd7 32. Rxd7 Qxh5 33. Rxa7
Qd1+ 34. Kg2 Qe2+ 35. Kh3 Qg4+ 36. Kg2 Rd8 37. Qb4 Qe2+ 38. Kh3 Rd2 39. Qxd2
Qxd2 40. c5 Qxe3 41. b4 Qd4 42. a3 Qd8 43. b5 h5 44. b6 Qb8 45. a4 Kh6 46. a5
g6 47. a6 g5 48. Kg2 h4 49. b7 Qxa7 50. h3 Nc7 0-1

[Event "Veterans Bdr 2017"]
[Site "Aubagne"]
[Date "2017.05.04"]
[Round "2"]
[White "Boudet, Nicole"]
[Black "Ulloa, Philippe"]
[Result "1-0"]
[WhiteElo "1130"]
[BlackElo "1321"]
[PlyCount "94"]

1. e4 e5 2. Nf3 d6 3. d4 exd4 4. Nxd4 h6 5. Nc3 Be7 6. Bc4 Bf6 7. Be3 c5 8. Nf5
Bxc3+ 9. bxc3 Bxf5 10. exf5 Nf6 11. O-O O-O 12. Rb1 Qc7 13. Bf4 Rd8 14. Qf3 Nc6
15. Rfe1 Ne7 16. Qg3 Nxf5 17. Qd3 Nh4 18. Re3 Ng6 19. Bg3 Nh5 20. f4 Nxg3 21.
Rxg3 Nxf4 22. Qf3 d5 23. Qg4 Ng6 24. Bd3 Rd6 25. h4 Qc8 26. Qxc8+ Rxc8 27. Rxb7
c4 28. Bf5 Ra8 29. Rd7 Rf6 30. Rxd5 Ne7 31. Rc5 Nxf5 32. Rf3 Nxh4 33. Rxf6 gxf6
34. g3 Nf3+ 35. Kf2 Ne5 36. Ke3 Re8 37. Kf4 Kg7 38. Kf5 h5 39. Rd5 Re6 40. Rd8
Ng4 41. Kf4 Rc6 42. Ra8 a6 43. a4 Ne5 44. Ke4 Nd7 45. Rd8 Nc5+ 46. Kd5 Rc7 47.
Kxc4 Ne6+ 1-0

[Event "Veterans Bdr 2017"]
[Site "Aubagne"]
[Date "2017.05.04"]
[Round "2"]
[White "Pietrac, Christian"]
[Black "Catanese, Sauveur"]
[Result "0-1"]
[WhiteElo "1265"]
[BlackElo "1130"]
[PlyCount "64"]

1. Nf3 Nf6 2. g3 g6 3. Bg2 Bg7 4. d3 Nc6 5. c3 d5 6. O-O O-O 7. Nbd2 Rb8 8. e4
dxe4 9. dxe4 e5 10. Nc4 Qxd1 11. Rxd1 Bg4 12. Re1 Rfe8 13. h3 Bd7 14. a4 a5 15.
Nfd2 Kh8 16. Nb3 b6 17. f4 Ng8 18. Be3 Be6 19. Nbd2 f6 20. Na3 f5 21. Nb5 Rbc8
22. Bf1 Nb8 23. b4 Re7 24. Kh2 Nf6 25. bxa5 fxe4 26. axb6 cxb6 27. c4 Rd8 28.
a5 exf4 29. Bxb6 fxg3+ 30. Kg2 Rxd2+ 31. Kxg3 Nh5+ 32. Kh4 Bf6# 0-1

[Event "Veterans Bdr 2017"]
[Site "Aubagne"]
[Date "2017.05.04"]
[Round "2"]
[White "Masson, Wally"]
[Black "Belaid, Myriam"]
[Result "1-0"]
[WhiteElo "1199"]
[BlackElo "1030"]
[PlyCount "61"]

1. e4 e5 2. Nf3 Nc6 3. c3 Nf6 4. d3 Be7 5. Be3 O-O 6. Qc2 d5 7. Nbd2 d4 8. cxd4
exd4 9. Bf4 Bg4 10. Be2 Qd7 11. Ne5 Qe6 12. Nxg4 Nxg4 13. h3 Nf6 14. Bxc7 Rac8
15. Bf4 Nb4 16. Qa4 a6 17. O-O h6 18. Rac1 b5 19. Qa5 Rfd8 20. Bc7 Nh5 21. Bxd8
Rxd8 22. Bxh5 Nxd3 23. Bg4 Qg6 24. Rc7 Bg5 25. Nf3 Nxb2 26. Nxg5 hxg5 27. Rc8
Kh7 28. Bf5 Qxf5 29. exf5 d3 30. Qxd8 Na4 31. Qh8# 1-0

[Event "Veterans Bdr 2017"]
[Site "Aubagne"]
[Date "2017.05.11"]
[Round "3"]
[White "Thiers, Jean-Jacques"]
[Black "Paravagna, Alain"]
[Result "0-1"]
[WhiteElo "1670"]
[BlackElo "1864"]
[PlyCount "130"]

1. d4 d5 2. c4 e6 3. Nf3 Nf6 4. Bg5 Be7 5. e3 Nbd7 6. Nc3 c6 7. Bd3 dxc4 8.
Bxc4 Qa5 9. O-O O-O 10. Qc2 h6 11. Bh4 Re8 12. a3 Qd8 13. b4 b6 14. Bg3 Bb7 15.
Rfd1 Nh5 16. Ne4 Nxg3 17. Nxg3 Rc8 18. Qb3 Qc7 19. Rac1 Bf8 20. b5 c5 21. d5
exd5 22. Bxd5 Bxd5 23. Qxd5 Nf6 24. Qc4 Rcd8 25. Nd4 Qd6 26. Nc6 Qxd1+ 27. Rxd1
Rxd1+ 28. Nf1 Ne4 29. Qc2 Rd7 30. g4 Ng5 31. Ng3 Nf3+ 32. Kf1 Nxh2+ 33. Kg2
Nxg4 34. Qf5 Nf6 35. Nh5 Rc7 36. Nxf6+ gxf6 37. Qxf6 Bg7 38. Qf4 Rd7 39. Qg3 f5
40. Qg6 Rf8 41. Qe6+ Rff7 42. Ne5 Bxe5 43. Qxe5 Rc7 44. Kf3 c4 45. Qc3 Rfd7 46.
Qf6 c3 47. Qxh6 c2 48. Qg6+ Kf8 49. Qf6+ Rf7 50. Qd8+ Kg7 51. Qg5+ Kh7 52. Qh5+
Kg8 53. Qg6+ Kf8 54. Qd6+ Ke8 55. Qe6+ Kd8 56. Qd5+ Rfd7 57. Qg8+ Ke7 58. Qg5+
Ke6 59. Qg6+ Ke5 60. Qe8+ Re7 61. Qh8+ Ke6 62. Qg8+ Kd6 63. Qd8+ Kc5 64. a4 Kb4
65. Qd4+ Ka5 0-1

[Event "Veterans Bdr 2017"]
[Site "Aubagne"]
[Date "2017.05.11"]
[Round "3"]
[White "Quet, Jean-Francois"]
[Black "Pierrugues, Laurent"]
[Result "0-1"]
[WhiteElo "1656"]
[BlackElo "1738"]
[PlyCount "120"]

1. e4 e6 2. d4 d5 3. Nd2 c5 4. Ngf3 Nc6 5. c3 cxd4 6. cxd4 Qb6 7. Qa4 Bd7 8.
Bb5 Nge7 9. O-O dxe4 10. Nxe4 Nd5 11. a3 Be7 12. Nc3 Nf6 13. Rd1 O-O 14. Ne5 a6
15. Nxd7 Nxd7 16. Bxc6 Qxc6 17. Qxc6 bxc6 18. Bf4 Nb6 19. Bg3 Nc4 20. b3 Nxa3
21. Ne4 Nb5 22. Nc5 Nc3 23. Rd2 Nb5 24. Rxa6 Bxc5 25. Rda2 Rxa6 26. Rxa6 Nxd4
27. Be5 Nxb3 28. Rxc6 Rd8 29. Kf1 h6 30. Ke1 Rd5 31. f4 Nc1 32. Rc8+ Kh7 33.
Bb8 Nd3+ 34. Ke2 Nb4 35. Be5 f6 36. Bc3 Bd6 37. g3 Rc5 38. Rxc5 Bxc5 39. Bb2
Nd5 40. h3 Kg6 41. Bc1 h5 42. Kf3 Bd6 43. Bd2 e5 44. Ke4 Ne7 45. fxe5 Bxe5 46.
g4 hxg4 47. hxg4 Nc6 48. Kd5 Nd4 49. Be3 Nf3 50. Ke4 Nh2 51. g5 f5+ 52. Kxe5
Ng4+ 53. Kf4 Nxe3 54. Kxe3 Kxg5 55. Kf3 f4 56. Kf2 Kg4 57. Kg2 g5 58. Kf2 f3
59. Kf1 Kg3 60. Kg1 g4 0-1

[Event "Veterans Bdr 2017"]
[Site "Aubagne"]
[Date "2017.05.11"]
[Round "3"]
[White "Battaglia, Gerard"]
[Black "Cavanihac, Claude"]
[Result "1-0"]
[WhiteElo "1736"]
[BlackElo "1493"]
[PlyCount "39"]

1. d4 Nf6 2. c4 e6 3. Nf3 c6 4. a3 Be7 5. Bf4 d5 6. e3 dxc4 7. Bxc4 Nd5 8. Bg3
O-O 9. O-O f5 10. Nc3 Nd7 11. e4 f4 12. exd5 exd5 13. Bd3 fxg3 14. fxg3 Nf6 15.
Qc2 g6 16. Bxg6 hxg6 17. Qxg6+ Kh8 18. Ng5 Qe8 19. Qh6+ Kg8 20. Rxf6 1-0